Modern economic thought
Αποθηκεύτηκε σε:
| Άλλοι συγγραφείς: | , |
|---|---|
| Μορφή: | Βιβλίο |
| Γλώσσα: | English |
| Δημοσίευση: |
[Philadelphia] :
University of Pennsylvania Press,
1977
|
| Θέματα: | |
| Ετικέτες: |
Προσθήκη ετικέτας
Δεν υπάρχουν, Καταχωρήστε ετικέτα πρώτοι!
|
MARC
| LEADER | 00000cam a2200000 i 4500 | ||
|---|---|---|---|
| 001 | 1/26564 | ||
| 008 | 950729s1977 eng d | ||
| 020 | |a 0812277120 | ||
| 035 | |l 10022697 | ||
| 040 | |a GR-MY-UA |b gre |e aacr | ||
| 041 | 0 | |a eng | |
| 082 | 0 | |a 330.09 | |
| 245 | 1 | 0 | |a Modern economic thought / |c co-authors, Eileen Applebaum ... [et al.] ; edited by Sidney Weintraub |
| 260 | |a [Philadelphia] : |b University of Pennsylvania Press, |c 1977 | ||
| 300 | |a xiv, 584 p.; |b graphs; |c 25 cm | ||
| 504 | |a Includes bibliographies and index | ||
| 650 | 0 | 0 | |a Economics |x History |y 20th century. |
| 700 | 1 | |a Applebaum, Eileen. | |
| 700 | 1 | |a Weintraub, Sidney |d 1914- |4 edt | |
| 852 | |a INST |b CHIOS |e 19950729 |h 330.09 MOD |p 005200002985 |q 005200002985 |t BK |y 0 | ||
| 909 | |a Χ |b 024879 | ||